| 000 | 01300nam a22002297a 4500 | ||
|---|---|---|---|
| 003 | OSt | ||
| 005 | 20260223154920.0 | ||
| 008 | 260223b |||||||| |||| 00| 0 eng d | ||
| 020 | _a9789966882172 | ||
| 040 | _aKenya National Library Service | ||
| 082 | _a170 GIC | ||
| 100 |
_aGichure, Christine W. _eAuthor |
||
| 245 |
_aBasic concepts in ethics / _cChristine W. Gichure. |
||
| 300 |
_a264 pages ; _c21 cm. |
||
| 504 | _aIncludes bibliographical references and index. | ||
| 520 | _aEthics has become fashionable field of study. There has been a remarkable rise of interest in ethics particularly in moral developed countries over the last two decades or so. For instance, the United States alone the congress was reported as having created an ethics commission0 to fix and defend certain trends of conduct. What must one do to be happy? what kind of conduct is required to have a society where people live together in harmony? How ca you find happiness and satisfaction in your work? How does one develop sound ethical principles in business? The answer to this and other questions is the subject of discussion in this book. | ||
| 650 | _aEthics. | ||
| 650 | _aMoral philosophy. | ||
| 942 |
_2ddc _cBK _n0 |
||
| 999 |
_c491101 _d491101 |
||